Metal Producers of the world directory 2012.
| Format: | Book |
|---|---|
| Published: |
London:
Metal Bulletin,
2012.
|
| Edition: | 6th ed. |
| Subjects: |
| LEADER | 00432cam a2200145 7i4500 | ||
|---|---|---|---|
| 001 | 0000029094 | ||
| 005 | 20130722090000.0 | ||
| 020 | 0 | 0 | |a 9781907607387 |
| 090 | 0 | 0 | |a I 671.025 |b MET |
| 245 | 0 | 0 | |a Metal Producers of the world directory 2012. |
| 250 | 0 | 0 | |a 6th ed. |
| 260 | 0 | 0 | |a London: |b Metal Bulletin, |c 2012. |
| 300 | # | # | |a 543 p. |
| 650 | 0 | 0 | |a Metal products -- |x Directories |
| 999 | |a B000032645 |b Directories |c International |e Business Information Centre | ||


